LEADER 00629nam a2200169 i 4500 001 000000022864 003 CaOOAMICUS 005 20180830125445.0 008 180830s1910 it u000 u ita u 040 $aSeMil$bita 100 1 $aBolo, Henri .$0(OLS)http://semarc/name/10222 245 13$aLe beatitudini evangeliche /$cabate Enrico Bolo. 260 $aNapoli :$bRondinella & Loffredo,$c1910. 300 $av. ;$c20 cm. 774 0 $tCuori distaccati. I mansueti.$g1$w()185505 996 $6245$aLe beatitudini evangeliche$9(OLS)http://semarc/title/30632 996 $6260$aNapoli :$bRondinella & Loffredo$9(OLS)http://semarc/publisher/33514 LEADER 00984nam a2200205 i 4500 001 000000049430 003 CaOOAMICUS 005 20161214000000.0 008 161214s1792 it u000 u ita u 013 $a20601 026 $aonn- 5.d. 6.la (ali (3) 1792 (R) 040 $aSeMil$bita 245 10$aVolume 1. 300 $a[2], xij, 364 p., [2] carte di tav. ripieg. :$bill. calcogr. 500 $aA c. a1r, A1r e S1r vignette calcogr. incise da Domenico Aspari. - Segn. : pg1 a4 b2 A-2X4 2Y6. 700 1 $aAspari, Domenico,$c.$0(OLS)http://semarc/name/24497 773 0 $tDelle antichità longobardico-milanesi illustrate con dissertazioni dai monaci della congregazione cisterciese di Lombardia. Volume 1. [-4.].$dIn Milano : Nell'Imperial Monistero di S. Ambrogio Maggiore, 1792-1793.$g1$w()11237 850 $aSeMil 852 $aSeMil$W1$xVenegono$y1$m3O VII 1 FA$j15585$B15585$CSeMilBibl$Z2$F15585 $8I 996 $6245$aVolume 1$9(OLS)http://semarc/title/46244